000 01110cam a2200301 a 4500
999 _c17150
_d17150
001 12125947
003 ARRUPE
005 20170921123043.0
008 000801s1999 enk b 001 0 eng d
010 _a 00698480
015 _aGB99-X3115
020 _a041519735X (hbk)
020 _a0415197368 (pbk)
035 _a(OCoLC)ocm41581718
040 _aUKM
_cUKM
_dNGU
_dC#P
_dDLC
042 _alccopycat
050 0 0 _aGE42
_b.G56 1999
082 0 0 _a179/.1
_221
245 0 0 _aGlobal ethics and environment /
_cedited by Nicholas Low.
260 _aLondon ;
_aNew York :
_bRoutledge,
_c1999.
300 _axiii, 320 p. ;
_c25 cm.
504 _aIncludes bibliographical references and index.
650 0 _aEnvironmental ethics.
_936081
650 0 _aEnvironmental justice.
_936082
700 1 _aLow, Nicholas.
_936083
856 4 2 _3Publisher description
_uhttp://www.loc.gov/catdir/enhancements/fy0649/00698480-d.html
906 _a7
_bcbc
_ccopycat
_d2
_encip
_f20
_gy-gencatlg
942 _2lcc
_cMONOGRAPH